000 00302nam a22001217a 4500
008 180426b xxu||||| |||| 00| 0 eng d
041 _aeng
080 _a043.3
100 _a0
101 _aMBE-BA
245 _aZhvillimi i Ndermarresise dhe Zbutja e Varferise ne Kosove
_cGosalci, B
942 _2udc
_cBK
999 _c45572
_d45572